[Event "Baden Wuerttemberg-ch Seniors op 2nd"]
[Site "Freudenstadt"]
[Date "2016.07.01"]
[Round "1"]
[White "Schneider, Frank"]
[Black "Storkebaum, Karl Heinrich"]
[Result "1/2-1/2"]
[WhiteElo "2107"]
[BlackElo "1900"]
[PlyCount "56"]
[EventDate "2016.07.01"]
[EventType "swiss"]
[EventRounds "9"]
[EventCountry "GER"]
[SourceTitle "EXT 2019"]
[Source "ChessBase"]
[SourceDate "2018.10.10"]
[SourceVersion "1"]
[SourceVersionDate "2018.10.10"]
[SourceQuality "1"]

1. d4 Nf6 2. c4 e6 3. Nf3 b6 4. g3 Bb7 5. Bg2 Bb4+ 6. Nbd2 0-0 7. 0-0 d5 8. a3 Bd6 9. Qc2 c5 10. Rd1 Nbd7 11. cxd5 exd5 12. e3 Rc8 13. Qb1 c4 14. e4 Nxe4 15. Nxe4 dxe4 16. Ng5 Nf6 17. Nxe4 Bxe4 18. Bxe4 Nxe4 19. Qxe4 Re8 20. Qf3 Qe7 21. Be3 b5 22. Kg2 c3 23. bxc3 Rxc3 24. Re1 Qe4 25. Qxe4 Rxe4 26. Bd2 Rxe1 27. Rxe1 Rc8 28. Rb1 Rb8 1/2-1/2